000 00628nam a2200217 a 4500
001 16398
003 CO-ViMGA
008 141112s2004 ck r 000 u spa d
020 _a9583003522
040 _aCO-ViMGA
_bspa
_cCO-ViMGA
082 0 4 _a808.81 P635
100 1 _aJaramillo Agudelo, Darío
_923441
245 1 0 _aPoemaquinas :
_bAntología de iniciación a la poesía
260 _aBogotá :
_bPanAméricana,
_c1997
300 _a112.p.
490 _aLiteratura juvenil
590 _aForma de adquisición : Premio - Mincultura
650 1 4 _aLIBROS Y LECTURA
_91932
650 1 4 _aPOESIA - COLECCIONES
942 _2ddc
_cBK
999 _c2934
_d2934